000
00348nam a22001577a 4500
005
20241202155334.0
008
241202b |||||||| |||| 00| 0 eng d
040
_a
04
082
_a
347.06 RAT
100
_a
RATANLAL & DHIRAJLAL
245
_a
THE LAW OF EVIDENCE
260
_a
LEXIS NEXIS
300
_a
779
650
_a
EVIDENCE
942
_c
03
999
_c
64684
_d
64684